Statistics for Incorporated and Unincorporated Areas of New Castle County, Delaware

Click here to take the quiz!

General Stats

  • This quiz has been taken 10 times
  • The average score is 9 of 26

Answers on the Map

Answers color-coded by a green-red scale on the quiz's map according to % correct below.
 

Answer Stats

Answer% Correct
Newark
83%
Bear
67%
New Castle
67%
Wilmington
67%
Delaware City
50%
Elsmere
50%
Middletown
50%
Arden
33%
Ardencroft
33%
Ardentown
33%
Bellefonte
33%
Claymont
33%
Odessa
33%
Smyrna
33%
Townsend
33%
Clayton
17%
Edgemoor
17%
Glasgow
17%
Greenville
17%
Hockessin
17%
Newport
17%
North Star
17%
Pike Creek
17%
Wilmington Manor
17%
Brookside
0%
Pike Creek Valley
0%

Score Distribution

Percentile by Number Answered

Percent of People with Each Score

Your Score History

You have not taken this quiz